Statistics for Rock Songs #4

Click here to take the quiz!

General Stats

  • This quiz has been taken 40 times
  • The average score is 7 of 20

Answer Stats

Song NameNumber of Spotify Streams to nearest MillionArtist% Correct
Fortunate Son1256Creedence Clearwater Revival
86%
Hot For Teacher178Van Halen
84%
Freebird617Lynyrd Skynyrd
81%
Mama, I'm Coming Home197Ozzy Osbourne
57%
Why Don't You get a Job328The Offspring
51%
Rock And Roll257Led Zeppelin
49%
Raining Blood194Slayer
49%
Spoonman190Soundgarden
46%
Slither121Velvet Revolver
27%
More Human Than Human119White Zombie
27%
Time Bomb102Rancid
22%
War Eternal55Arch Enemy
16%
American Jesus57Bad Religion
16%
Don't Call me White33NOFX
16%
Superman137Goldfinger
14%
Fuck Authority73Pennywise
14%
Am I demon28Danzig
11%
Deadsong5Before The Dawn
8%
Atoma18Dark Tranquility
8%
Sick Of You8Gwar
5%

Score Distribution

Percentile by Number Answered

Percent of People with Each Score

Your Score History

You have not taken this quiz